000 00867nam a2200229Ia 4500
003 Ost
005 20260507075408.0
008 260507s9999||||xx |||||||||||||| ||und||
040 _cfsecg
041 _aara
082 _a600
100 _aالصيرفي، محمد
_eمؤلف
245 0 _aالبحوث الإلكترونية للعمليات الإدارية /
_c محمد الصيرفي
260 _aالإسكندرية:
_bدار الوفاء,
_c2008
300 _a487 صفحة؛
_bإيضاحات ؛
_c24 سم
504 _aالمراجع ص.485
520 _aيضم بحوث العمليات، نمو البرمجة الخطية، نموذج النقل ، نموذج التخصيص ، أسلوب المباريات
653 _aالبحوث الإدارية
653 _aبحوث العمليات
653 _aطرق البحث
942 _cكتاب
999 _c44337
_d44337